Abundant Water, Abundant Knowledge: Cognitive Patterns For Policy Changes In Brussels’ Water Management System

Poznatky zohrávajú kľúčovú úlohu v procese tvorby politiky pre interpretáciu dostupných informácií a definujú sa pri politických otázkach a v posúdení možných riešení - najmä v komplexných politických otázkach, ako je vodné hospodárstvo. Pre mestské regióny sú však poznatky vzácne kvôli malej veľkos...

Descrizione completa

Salvato in:
Dettagli Bibliografici
Autore principale: Dotti, Nicola Francesco
Natura: Capitolo di libro
Lingua:inglese
Soggetti:
Tags: Aggiungi Tag
Nessun Tag, puoi essere il primo ad aggiungerne!!

MARC

LEADER 00000nla a2200000 4500
001 0246218
005 20220803161709.3
041 0 |a eng 
044 |a GB 
245 1 0 |a Abundant Water, Abundant Knowledge: Cognitive Patterns For Policy Changes In Brussels’ Water Management System  |c Nicola Francesco Dotti 
520 |a Poznatky zohrávajú kľúčovú úlohu v procese tvorby politiky pre interpretáciu dostupných informácií a definujú sa pri politických otázkach a v posúdení možných riešení - najmä v komplexných politických otázkach, ako je vodné hospodárstvo. Pre mestské regióny sú však poznatky vzácne kvôli malej veľkosti komunitnej politiky a obmedzenej dostupnosti zdrojov a odborníkov. 
610 2 0 |a vodohospodárstvo 
610 2 0 |a vodárenstvo 
610 2 0 |a voda 
610 2 0 |a manažment 
610 2 0 |a manažment environmentálny 
610 2 0 |a Európska únia 
610 2 0 |a legislatíva 
610 2 0 |a zákony 
610 2 0 |a decentralizácia 
100 1 |a Dotti, Nicola Francesco